000 00696nam a2200229Ii 4500
003 JO-AjNU
005 20240629130841.0
008 230605s9999||||xx |||||||||||||| ||und||
040 _aJO-AjNU
_bara
_erda
_cJO-AjNU
041 _aara
050 1 4 _aPJ6620. I2792.2005
100 3 _aابن منظور، جمال الدين محمد بن مكرم,
_eauthor
_926366
245 0 0 _aلسان العرب
250 _aط4
264 3 1 _aبيروت: دار صادر، 2005
300 _aمج6، 287ص
336 _atext
_btxt
_2rdacontent
337 _aunmediated
_bn
_2rdamedia
338 _avolume
_bnc
_2rdacarrier
650 4 _aاللغة العربية -- قواميس 
_926367
942 _2lcc
_cREF
999 _c13549
_d13549